[Event "XIV Weekend A"]
[Site "Ivrea ITA"]
[Date "2010.03.19"]
[Round "1"]
[White "Di Chiara, Mauro"]
[Black "Tricerri, Pierino"]
[Result "1-0"]
[WhiteElo "1868"]
[BlackElo "1521"]
[PlyCount "45"]
[EventDate "2010.03.19"]

1. Nf3 c5 2. c4 Nf6 3. Nc3 d5 4. cxd5 Nxd5 5. e4 Nxc3 6. bxc3 a6 7. d4 e6 8.
Be2 Be7 9. O-O O-O 10. Rb1 b5 11. Be3 Bb7 12. Qc2 c4 13. Bxc4 Bc6 14. Bb3 Qd7
15. Ne5 Qb7 16. Nxc6 Nxc6 17. Rbd1 Rac8 18. a4 Nb4 19. Qd2 Nc6 20. axb5 axb5
21. Ra1 Rfd8 22. d5 Ne5 23. Ra7 1-0

[Event "XIV Weekend A"]
[Site "Ivrea ITA"]
[Date "2010.03.19"]
[Round "1"]
[White "Finocchiaro, Gianluca"]
[Black "Castaldo, Antonio"]
[Result "1/2-1/2"]
[WhiteElo "2097"]
[BlackElo "1698"]
[PlyCount "67"]
[EventDate "2010.03.19"]

1. e4 d6 2. d4 Nf6 3. Nc3 g6 4. Bg5 Bg7 5. e5 Nfd7 6. Nd5 f6 7. exf6 Nxf6 8.
Nxf6+ Bxf6 9. Bh6 e5 10. dxe5 Bxe5 11. Qe2 Qe7 12. Be3 O-O 13. O-O-O Kh8 14.
Nf3 Bg4 15. h3 Bxf3 16. gxf3 Qf7 17. Kb1 Na6 18. c3 c6 19. Bg2 Nc7 20. c4 Ne6
21. Rhe1 Nf4 22. Bxf4 Qxf4 23. c5 Rae8 24. Qe4 d5 25. Qxf4 Bxf4 26. Kc2 Kg7 27.
b4 a6 28. a4 Kf7 29. b5 a5 30. bxc6 bxc6 31. Kd3 Rxe1 32. Rxe1 Rb8 33. h4 Rb4
34. Ra1 1/2-1/2

[Event "XIV Weekend A"]
[Site "Ivrea ITA"]
[Date "2010.03.19"]
[Round "1"]
[White "Gennaro, Isabella"]
[Black "Cirrincione, Giansalvo"]
[Result "0-1"]
[WhiteElo "1633"]
[BlackElo "1943"]
[PlyCount "84"]
[EventDate "2010.03.19"]

1. e4 c5 2. Nf3 g6 3. d4 cxd4 4. Nxd4 Nc6 5. Be3 Nf6 6. Nc3 Bg7 7. Qd2 Ng4 8.
Nxc6 bxc6 9. O-O-O Nxe3 10. Qxe3 Qa5 11. Bc4 O-O 12. Rd3 d6 13. Ne2 Ba6 14. Ra3
Qb4 15. Bb3 Bxe2 16. Qxe2 Qd4 17. c3 Qc5 18. Qd2 Rfd8 19. Rd1 Qh5 20. g3 Qxh2
21. Qe3 Qh6 22. Qxh6 Bxh6+ 23. f4 e5 24. Rf1 exf4 25. gxf4 a5 26. Ra4 Kf8 27.
Bd1 Rdb8 28. Rd4 Ke7 29. Kc2 Bg7 30. Rd3 Rb5 31. Rh3 h5 32. f5 Rab8 33. b3 a4
34. c4 axb3+ 35. axb3 Re5 36. Kd3 d5 37. exd5 cxd5 38. Re3 dxc4+ 39. bxc4 Rd8+
40. Ke2 Rxe3+ 41. Kxe3 h4 42. Rg1 Bd4+ 0-1

[Event "XIV Weekend A"]
[Site "Ivrea ITA"]
[Date "2010.03.19"]
[Round "1"]
[White "Giachino, Adriano"]
[Black "Lucchese, Paolo"]
[Result "0-1"]
[WhiteElo "1686"]
[BlackElo "2024"]
[PlyCount "86"]
[EventDate "2010.03.19"]

1. e4 c5 2. Nf3 d6 3. d4 cxd4 4. Nxd4 Nf6 5. Nc3 a6 6. Be2 e5 7. Nb3 Be7 8. Be3
Be6 9. f3 Nbd7 10. Qd2 Rc8 11. Nd5 Bxd5 12. exd5 Nb6 13. c4 Nxc4 14. Bxc4 Rxc4
15. Na5 Rc8 16. Nxb7 Qc7 17. Na5 O-O 18. O-O Rfe8 19. Rac1 Qd7 20. Rxc8 Rxc8
21. Nc6 Nxd5 22. Qxd5 Qxc6 23. Qa5 Qb5 24. Qa3 Bf8 25. b3 Qe2 26. Bf2 Rc2 27.
b4 d5 28. Qe3 Qxe3 29. Bxe3 d4 30. Bf2 f5 31. a3 g5 32. Re1 Bd6 33. g3 d3 34.
Rd1 e4 35. fxe4 fxe4 36. Kf1 Be5 37. h3 h5 38. Ke1 e3 39. Bxe3 Re2+ 40. Kf1
Rxe3 41. Re1 d2 42. Rd1 Bc3 43. Kf2 Re1 0-1

[Event "XIV Weekend A"]
[Site "Ivrea ITA"]
[Date "2010.03.19"]
[Round "1"]
[White "Giunto, Andrea"]
[Black "Drago, Paolo"]
[Result "1-0"]
[WhiteElo "1938"]
[BlackElo "1585"]
[PlyCount "59"]
[EventDate "2010.03.19"]

1. e4 e5 2. Nf3 Nc6 3. d4 exd4 4. Nxd4 Ne5 5. f4 Ng6 6. Be3 d6 7. g3 Nf6 8. Nc3
Bg4 9. Be2 Qd7 10. f5 Ne5 11. h3 Bxe2 12. Qxe2 O-O-O 13. O-O-O h5 14. Nf3 Nc6
15. Bf4 Qe7 16. Qc4 g6 17. Rhe1 Bh6 18. Nd5 Nxd5 19. exd5 Ne5 20. Bxh6 Rxh6 21.
Qf4 g5 22. Nxg5 Qf6 23. Ne4 Qg7 24. Nf2 Rg8 25. Re3 f6 26. Nd3 Qh7 27. Nxe5
dxe5 28. Qf2 Qd7 29. Red3 Rg5 30. Qxa7 1-0

[Event "XIV Weekend A"]
[Site "Ivrea ITA"]
[Date "2010.03.19"]
[Round "1"]
[White "Giunto, Stefano"]
[Black "Raccanello, Ivano"]
[Result "1/2-1/2"]
[WhiteElo "1377"]
[BlackElo "1727"]
[PlyCount "88"]
[EventDate "2010.03.19"]

1. e4 e6 2. Nf3 d5 3. e5 c5 4. d4 Nc6 5. Be3 Qb6 6. b3 cxd4 7. Nxd4 Bc5 8. Bb5
Bd7 9. Bxc6 Bxc6 10. c3 Ne7 11. b4 Bxd4 12. Bxd4 Qc7 13. a4 b5 14. a5 Nf5 15.
f4 Nxd4 16. Qxd4 Bd7 17. O-O a6 18. Nd2 Qa7 19. Qxa7 Rxa7 20. Nb3 Ke7 21. Nc5
Bc8 22. g4 h5 23. g5 g6 24. h4 Rd8 25. Rfd1 Rc7 26. Rd3 Rf8 27. Kg2 Rd8 28. Kf3
Rf8 29. Ke3 Rc6 30. Rd4 Rd8 31. Rc1 Rc7 32. Rd3 Rc6 33. Kd4 Rc7 34. Rf3 Rc6 35.
Rd3 Rc7 36. Ke3 Rc6 37. Rd4 Rc7 38. Nd3 Bb7 39. Nc5 Bc8 40. Nb3 Bb7 41. Nd2
Rdc8 42. Rd3 Rc6 43. Nf3 Rc4 44. Nd4 R8c7 1/2-1/2

[Event "XIV Weekend A"]
[Site "Ivrea ITA"]
[Date "2010.03.19"]
[Round "1"]
[White "Liviabella, Lucio"]
[Black "Castaldo, Folco"]
[Result "0-1"]
[WhiteElo "1716"]
[BlackElo "2407"]
[PlyCount "62"]
[EventDate "2010.03.19"]

1. e4 c5 2. Nf3 Nc6 3. d4 cxd4 4. Nxd4 g6 5. Be3 Nf6 6. Nc3 Bg7 7. f3 O-O 8.
Qd2 d5 9. Nxc6 bxc6 10. e5 Ne8 11. Bh6 Be6 12. Bxg7 Nxg7 13. g4 Qb8 14. f4 Bxg4
15. Rg1 Bh5 16. Rb1 f6 17. Be2 fxe5 18. Bxh5 Nxh5 19. fxe5 Qxe5+ 20. Qe2 Qxe2+
21. Nxe2 e5 22. c3 Rf3 23. Ng3 Nxg3 24. hxg3 Raf8 25. Rd1 Rf2 26. Rd2 Rxd2 27.
Kxd2 Rf2+ 28. Kc1 h5 29. a4 Kf7 30. b4 Ke6 31. Rd1 Rf3 0-1

[Event "XIV Weekend A"]
[Site "Ivrea ITA"]
[Date "2010.03.19"]
[Round "1"]
[White "Paonessa, Denis"]
[Black "Cappa, Enrico"]
[Result "1-0"]
[WhiteElo "1908"]
[BlackElo "1571"]
[PlyCount "23"]
[EventDate "2010.03.19"]

1. d4 Nf6 2. c4 e6 3. Nc3 Bb4 4. Bg5 O-O 5. e3 Bxc3+ 6. bxc3 Nc6 7. Bd3 Rb8 8.
Qf3 b6 9. h4 h6 10. Ne2 e5 11. Ng3 hxg5 12. hxg5 1-0

[Event "XIV Weekend A"]
[Site "Ivrea ITA"]
[Date "2010.03.20"]
[Round "2"]
[White "Bellafiore, Enzo"]
[Black "Giunto, Stefano"]
[Result "1-0"]
[WhiteElo "1827"]
[BlackElo "1377"]
[PlyCount "55"]
[EventDate "2010.03.19"]

1. d4 d5 2. c4 e6 3. Nc3 Nf6 4. cxd5 exd5 5. Bg5 Nbd7 6. e3 Be7 7. Bd3 O-O 8.
Nge2 c6 9. Qc2 Qe8 10. O-O a5 11. Rfe1 b5 12. Ng3 Ba6 13. Rac1 Qc8 14. Nf5 Re8
15. Nxe7+ Rxe7 16. Bf5 Re8 17. Bxf6 gxf6 18. Bxh7+ Kf8 19. Bf5 Qc7 20. Nxd5 Qd6
21. Qxc6 Qxc6 22. Rxc6 Bb7 23. Bxd7 Bxc6 24. Bxc6 Rad8 25. Bxe8 Kxe8 26. Nxf6+
Ke7 27. Ne4 f5 28. Nc5 1-0

[Event "XIV Weekend A"]
[Site "Ivrea ITA"]
[Date "2010.03.20"]
[Round "2"]
[White "Bisi, Riccardo"]
[Black "Agostino, Pietro"]
[Result "1-0"]
[WhiteElo "1476"]
[BlackElo "1576"]
[PlyCount "73"]
[EventDate "2010.03.19"]

1. e4 c5 2. Nf3 d6 3. Bc4 h6 4. h4 Bg4 5. d3 Nf6 6. Be3 Nbd7 7. Nc3 Ne5 8. Bb5+
Bd7 9. Bxd7+ Nexd7 10. Qe2 e6 11. d4 Be7 12. dxc5 dxc5 13. Rd1 Qc7 14. O-O O-O
15. Rd2 Rad8 16. Rfd1 a6 17. Qc4 Ne5 18. Nxe5 Qxe5 19. Rxd8 Bxd8 20. Qxc5 Qb8
21. Qd6 Qc8 22. Bb6 Bxb6 23. Qxb6 Qb8 24. Qd6 Qa7 25. Qd4 Qb8 26. e5 Ne8 27. f4
f6 28. g3 fxe5 29. Qxe5 Qxe5 30. fxe5 Nc7 31. Rd7 Rc8 32. Kf2 b5 33. a3 Kf8 34.
Ke2 Nd5 35. Nxd5 exd5 36. Kd3 Rc5 37. c3 1-0

[Event "XIV Weekend A"]
[Site "Ivrea ITA"]
[Date "2010.03.20"]
[Round "2"]
[White "Cappa, Enrico"]
[Black "Giachino, Adriano"]
[Result "1-0"]
[WhiteElo "1571"]
[BlackElo "1686"]
[PlyCount "93"]
[EventDate "2010.03.19"]

1. e4 e5 2. Nf3 Nc6 3. Bc4 Nd4 4. O-O Nxf3+ 5. Qxf3 Nf6 6. c3 Be7 7. d4 d6 8.
b4 O-O 9. Bb2 Bg4 10. Qe3 Bh5 11. f3 Bg6 12. Nd2 Nh5 13. g3 Bg5 14. f4 exf4 15.
gxf4 Bh6 16. Rf2 Qh4 17. Raf1 Rae8 18. Be2 f5 19. Bxh5 Bxh5 20. e5 dxe5 21.
dxe5 Re6 22. Qg3 Qe7 23. Rg2 Rg6 24. Qe3 Rxg2+ 25. Kxg2 Qe8 26. Qxa7 Qc6+ 27.
Kg1 g5 28. Qc5 Qd7 29. Qc4+ Bf7 30. Qd4 Qe7 31. c4 gxf4 32. e6 Qg5+ 33. Kh1 Bg7
34. exf7+ Rxf7 35. Rg1 Qh6 36. Rxg7+ Qxg7 37. Qxg7+ Rxg7 38. Bxg7 Kxg7 39. Kg2
Kf6 40. Kf3 Ke5 41. Nb3 b6 42. a4 c6 43. a5 bxa5 44. bxa5 Kd6 45. Kxf4 Kc7 46.
Kxf5 Kb7 47. h4 1-0

[Event "XIV Weekend A"]
[Site "Ivrea ITA"]
[Date "2010.03.20"]
[Round "2"]
[White "Castaldo, Antonio"]
[Black "Liviabella, Lucio"]
[Result "1/2-1/2"]
[WhiteElo "1698"]
[BlackElo "1716"]
[PlyCount "179"]
[EventDate "2010.03.19"]

1. Nf3 c5 2. g3 Nc6 3. Bg2 d6 4. O-O g6 5. d3 Bg7 6. e4 Nf6 7. Nc3 O-O 8. Nd5
Bg4 9. Nxf6+ Bxf6 10. c3 Qd7 11. Qe2 Bg7 12. Be3 f5 13. h3 Bxf3 14. Bxf3 fxe4
15. Bg4 exd3 16. Qxd3 Qe8 17. f4 Kh8 18. Bf3 a6 19. Rf2 Qc8 20. Bg2 Qc7 21.
Raf1 e6 22. Kh2 Ne7 23. Qe4 Nf5 24. Bc1 Qe7 25. Qxb7 Qxb7 26. Bxb7 Ra7 27. Bh1
a5 28. g4 Nh6 29. Bc6 Raf7 30. Re2 e5 31. Bd5 Re7 32. Bd2 Rfe8 33. Rfe1 Ng8 34.
Bxg8 Kxg8 35. Kg2 e4 36. b3 d5 37. Kf2 d4 38. cxd4 cxd4 39. Bxa5 d3 40. Bb4 Re6
41. f5 Bd4+ 42. Kg2 gxf5 43. gxf5 Re5 44. Bd6 dxe2 45. Bxe5 Rxe5 46. Rxe2 e3
47. Kg3 Rxf5 48. Kg2 Rf2+ 49. Rxf2 exf2 50. b4 Kf8 51. a4 Ke8 52. b5 Kd8 53. a5
Kc7 54. b6+ Kb7 55. Kf1 Ka6 56. Ke2 h6 57. h4 Kxa5 58. b7 Ba7 59. b8=Q Bxb8 60.
Kxf2 Bf4 61. Kf3 Bc1 62. Kg4 Kb5 63. Kf3 Kc4 64. Kg3 Kd3 65. Kf3 Be3 66. Kg2
Ke4 67. Kg3 h5 68. Kh3 Kf4 69. Kg2 Kg4 70. Kh2 Kxh4 71. Kg2 Bf4 72. Kh1 Kg3 73.
Kg1 Be3+ 74. Kh1 Kf2 75. Kh2 Kf1 76. Kh1 h4 77. Kh2 Kf2 78. Kh1 Kf3 79. Kh2
Bf4+ 80. Kh1 h3 81. Kg1 Kg3 82. Kh1 Kh4 83. Kg1 h2+ 84. Kg2 Kg4 85. Kh1 Kf5 86.
Kg2 Ke4 87. Kh1 Ke3 88. Kg2 Ke2 89. Kh1 Bg3 90. Kg2 1/2-1/2

[Event "XIV Weekend A"]
[Site "Ivrea ITA"]
[Date "2010.03.20"]
[Round "2"]
[White "Castaldo, Folco"]
[Black "Paonessa, Denis"]
[Result "1-0"]
[WhiteElo "2407"]
[BlackElo "1908"]
[PlyCount "61"]
[EventDate "2010.03.19"]

1. e4 e5 2. Nc3 Nf6 3. g3 Bc5 4. Bg2 c6 5. Nf3 d6 6. O-O O-O 7. d4 exd4 8. Nxd4
Bg4 9. Nde2 Nbd7 10. Na4 Re8 11. Nxc5 Nxc5 12. f3 Be6 13. Be3 Na6 14. Qd2 Qe7
15. Rae1 Nc7 16. h3 d5 17. e5 Nd7 18. f4 f5 19. Nd4 c5 20. Nxe6 Qxe6 21. c3
Rad8 22. Rd1 d4 23. cxd4 cxd4 24. Qxd4 Qxa2 25. Qd6 Ne6 26. Bd5 Qa6 27. Qxa6
bxa6 28. Bxa7 Kf7 29. Bc4 Ke7 30. Bxe6 Kxe6 31. Rd6+ 1-0

[Event "XIV Weekend A"]
[Site "Ivrea ITA"]
[Date "2010.03.20"]
[Round "2"]
[White "Cirrincione Paze', Paolo"]
[Black "Finocchiaro, Gianluca"]
[Result "1/2-1/2"]
[WhiteElo "1785"]
[BlackElo "2097"]
[PlyCount "53"]
[EventDate "2010.03.19"]

1. d4 Nf6 2. Nf3 c5 3. c3 e6 4. Bf4 d5 5. e3 Nc6 6. Bd3 Be7 7. Nbd2 a5 8. Ne5
cxd4 9. exd4 Bd7 10. Ndf3 Nh5 11. Nxf7 Qb6 12. Nxh8 Nxf4 13. Bxh7 Qxb2 14. Rc1
Qxa2 15. Ng6 Nh5 16. Nge5 Nf4 17. Bg6+ Kd8 18. g3 Nxg6 19. Nxg6 Ba3 20. Rc2 Qb3
21. Nd2 Qb6 22. O-O Ne7 23. Nxe7 Bxe7 24. Qb1 Qxb1 25. Rxb1 b5 26. Ra2 a4 27.
Kf1 1/2-1/2

[Event "XIV Weekend A"]
[Site "Ivrea ITA"]
[Date "2010.03.20"]
[Round "2"]
[White "Cirrincione, Giansalvo"]
[Black "Bisi, Samuele"]
[Result "0-1"]
[WhiteElo "1943"]
[BlackElo "1786"]
[PlyCount "58"]
[EventDate "2010.03.19"]

1. d4 Nf6 2. Nf3 e6 3. Bf4 c5 4. e3 cxd4 5. exd4 b6 6. Nbd2 Nd5 7. Bg3 Be7 8.
c3 f5 9. Ne5 O-O 10. f4 Bb7 11. h4 Ne3 12. Qc1 Bxg2 13. Rh2 Bb7 14. Be2 Ng2+
15. Kf2 Nxh4 16. Bf3 Nxf3 17. Ndxf3 d6 18. Qh1 dxe5 19. Rxh7 Bxf3 20. Qxf3 Kxh7
21. Rh1+ Kg8 22. Qxa8 Qd5 23. Qxd5 exd5 24. dxe5 Na6 25. Rd1 Rd8 26. b4 Kf7 27.
Ke3 Nc7 28. a4 Rh8 29. c4 Rd8 0-1

[Event "XIV Weekend A"]
[Site "Ivrea ITA"]
[Date "2010.03.20"]
[Round "2"]
[White "Crepaldi, Marco"]
[Black "Caresana, Alessandro"]
[Result "0-1"]
[WhiteElo "1874"]
[BlackElo "1994"]
[PlyCount "78"]
[EventDate "2010.03.19"]

1. e4 e5 2. Nf3 Nc6 3. Bb5 Nf6 4. O-O d6 5. d4 exd4 6. Nxd4 Bd7 7. Re1 Be7 8.
c3 O-O 9. Nd2 Re8 10. N2f3 Ng4 11. Nxc6 bxc6 12. Bd3 h6 13. h3 Ne5 14. Nxe5
dxe5 15. Bc4 Bd6 16. Be3 Be6 17. Bxe6 Rxe6 18. Qa4 Rg6 19. Qxc6 Rb8 20. b3 Qh4
21. Kh1 Rf8 22. Qd5 Kh7 23. Qd3 Be7 24. Bxa7 Rd8 25. Qc2 Qg5 26. f4 exf4 27.
Re2 c5 28. Rd1 Rxd1+ 29. Qxd1 f3 30. gxf3 Qg3 31. Qf1 Qc7 32. Bxc5 Bxc5 33. Rg2
Rg3 34. Rxg3 Qxg3 35. c4 Bd6 36. Qg2 Qe1+ 37. Qg1 Qe2 38. Qg2 Qd1+ 39. Qg1
Qxf3+ 0-1

[Event "XIV Weekend A"]
[Site "Ivrea ITA"]
[Date "2010.03.20"]
[Round "2"]
[White "Drago, Paolo"]
[Black "Bogatto, Mario"]
[Result "1-0"]
[WhiteElo "1585"]
[BlackElo "1451"]
[PlyCount "60"]
[EventDate "2010.03.19"]

1. d4 d5 2. c4 e6 3. Nf3 Nf6 4. Bg5 Nbd7 5. Nc3 Be7 6. e3 c6 7. Bd3 dxc4 8.
Bxc4 Nd5 9. Bxe7 Qxe7 10. Qc2 N7f6 11. O-O O-O 12. e4 Nxc3 13. bxc3 g6 14. Bd3
Nh5 15. e5 Ng7 16. Qd2 f6 17. Qh6 Nf5 18. Bxf5 exf5 19. Rfe1 Be6 20. exf6 Qxf6
21. Ng5 Rf7 22. Rxe6 Qg7 23. Nxf7 Qxf7 24. Rae1 Qf8 25. Qxf8+ Kxf8 26. Re7 h5
27. Rxb7 a6 28. Ree7 Rc8 29. g3 Re8 30. Rxe8+ Kxe8 1-0

[Event "XIV Weekend A"]
[Site "Ivrea ITA"]
[Date "2010.03.20"]
[Round "2"]
[White "Guglielmi, Nicolo'"]
[Black "Bonino, Matteo"]
[Result "0-1"]
[WhiteElo "1928"]
[BlackElo "1729"]
[PlyCount "118"]
[EventDate "2010.03.19"]

1. d4 e6 2. Nf3 f5 3. g3 Nf6 4. Bg2 d5 5. c4 c6 6. cxd5 exd5 7. O-O Bd6 8. Nc3
O-O 9. Qc2 Ne4 10. Nd2 Be6 11. f3 Nxd2 12. Bxd2 f4 13. Bxf4 Bxf4 14. gxf4 Rxf4
15. e3 Rh4 16. f4 Bh3 17. Rf3 Qd7 18. Rg3 Na6 19. a3 Rf8 20. Kh1 Rh6 21. Rg1
Bf5 22. Qd2 Rg6 23. Bf3 Rff6 24. e4 Rxg3 25. Rxg3 dxe4 26. Nxe4 Rg6 27. Rxg6
Bxg6 28. Ng3 Bf7 29. Kg1 Nc7 30. Qe3 Nb5 31. Ne4 Qxd4 32. Qxd4 Nxd4 33. Kf2
Nxf3 34. Kxf3 Bd5 35. Ke3 Kf8 36. Nd6 c5 37. Nb5 a6 38. Nc7 Bc4 39. Ke4 Ke7 40.
Ke5 h5 41. Nd5+ Bxd5 42. Kxd5 c4 43. Kxc4 Kd6 44. Kd4 b6 45. Ke4 Ke6 46. h4 g6
47. b3 b5 48. b4 Kf6 49. Kd5 Kf5 50. Kc6 Kxf4 51. Kb6 g5 52. hxg5 Kxg5 53. Kxa6
h4 54. Kxb5 h3 55. Kb6 h2 56. a4 h1=Q 57. a5 Qh6+ 58. Kb7 Qg7+ 59. Kb8 Qf8+ 0-1

[Event "XIV Weekend A"]
[Site "Ivrea ITA"]
[Date "2010.03.20"]
[Round "2"]
[White "Lucchese, Paolo"]
[Black "Di Chiara, Mauro"]
[Result "0-1"]
[WhiteElo "2024"]
[BlackElo "1868"]
[PlyCount "54"]
[EventDate "2010.03.19"]

1. e4 d6 2. d4 Nf6 3. Nc3 g6 4. Nge2 Bg7 5. g3 O-O 6. Bg2 e5 7. h3 Nc6 8. Be3
Re8 9. d5 Ne7 10. O-O Nd7 11. Qd2 f5 12. Rad1 Nf6 13. f3 Rf8 14. Kh2 Nh5 15. f4
fxe4 16. fxe5 Bxe5 17. Rxf8+ Qxf8 18. Rf1 Nf5 19. Nxe4 Qg7 20. Bf4 Nxf4 21.
Nxf4 Bd7 22. c3 Rf8 23. b3 Qh6 24. Ne2 Ne3 25. Rxf8+ Kxf8 26. Ng1 Bf5 27. Qd3
Ng4+ 0-1

[Event "XIV Weekend A"]
[Site "Ivrea ITA"]
[Date "2010.03.20"]
[Round "2"]
[White "Piazza, Giacomo"]
[Black "Combina, Alberto"]
[Result "1-0"]
[WhiteElo "1634"]
[BlackElo "1542"]
[PlyCount "97"]
[EventDate "2010.03.19"]

1. Nf3 d5 2. e3 Bg4 3. Be2 Nf6 4. b3 e6 5. Bb2 Bd6 6. d3 c5 7. Nbd2 Nbd7 8. c4
O-O 9. Qc2 Rc8 10. h3 Bh5 11. g4 Bg6 12. Nh4 dxc4 13. Nxg6 hxg6 14. Nxc4 Be7
15. h4 Nh7 16. h5 g5 17. Bf3 b5 18. Nd2 Bf6 19. Be4 Bxb2 20. Bxh7+ Kxh7 21.
Qxb2 Qc7 22. Qc2 Nf6 23. Nf3 Nxg4 24. Nxg5+ Kg8 25. d4 Nf6 26. h6 cxd4 27. Qxc7
Rxc7 28. hxg7 Kxg7 29. Rg1 Kh6 30. f4 dxe3 31. Ke2 Nd5 32. Rg4 Rc2+ 33. Kd3
Rd2+ 34. Ke4 f5+ 35. Ke5 fxg4 36. Nxe6 Re8 37. Rh1+ Kg6 38. f5+ Kf7 39. Rh7+
Kg8 40. Rg7+ Kh8 41. Rxg4 Re7 42. f6 e2 43. Re4 Nc3 44. fxe7 Rd5+ 45. Kf4 Nxe4
46. e8=Q+ Kh7 47. Qf7+ Kh6 48. Qg7+ Kh5 49. Qh7# 1-0

[Event "XIV Weekend A"]
[Site "Ivrea ITA"]
[Date "2010.03.20"]
[Round "2"]
[White "Raccanello, Ivano"]
[Black "Bosticardo, Tommaso"]
[Result "1-0"]
[WhiteElo "1727"]
[BlackElo "1503"]
[PlyCount "83"]
[EventDate "2010.03.19"]

1. d4 Nf6 2. c4 g6 3. Nc3 Bg7 4. e4 d6 5. Nge2 O-O 6. Ng3 e5 7. d5 c6 8. Be2
Ne8 9. h4 cxd5 10. cxd5 a6 11. a4 Nd7 12. h5 Nc5 13. b4 Nd7 14. hxg6 fxg6 15.
Be3 Nc7 16. a5 Rb8 17. Na4 Nb5 18. Bxb5 axb5 19. Nc3 Qc7 20. Rc1 Qc4 21. Qe2
Qxb4 22. Qxb5 Nc5 23. Qxb4 Nd3+ 24. Kd2 Nxb4 25. Rb1 Na6 26. Rb6 Rd8 27. Nb5
Bf8 28. Bg5 Rd7 29. f4 Nc5 30. Nc3 Bg7 31. Nb5 Bf8 32. fxe5 Na4 33. e6 Nxb6 34.
axb6 Rg7 35. Nc7 h5 36. Ne8 Rh7 37. Nf6+ Kg7 38. Nxh7 Kxh7 39. Rf1 Kg7 40. Bh6+
Kxh6 41. Rxf8 Kg7 42. e7 1-0

[Event "XIV Weekend A"]
[Site "Ivrea ITA"]
[Date "2010.03.20"]
[Round "2"]
[White "Tricerri, Pierino"]
[Black "Gennaro, Isabella"]
[Result "0-1"]
[WhiteElo "1521"]
[BlackElo "1633"]
[PlyCount "96"]
[EventDate "2010.03.19"]

1. d4 d5 2. c4 e6 3. Nc3 c5 4. dxc5 Bxc5 5. e3 Nf6 6. Nf3 Nc6 7. cxd5 Nxd5 8.
Bb5 Nxc3 9. Qxd8+ Kxd8 10. bxc3 Bd7 11. O-O a6 12. Bxc6 Bxc6 13. Ne5 Ke7 14.
Nxc6+ bxc6 15. a4 Rhd8 16. c4 Rd3 17. Bb2 g6 18. Rfb1 Rad8 19. Be5 f6 20. Bg3
e5 21. Kf1 a5 22. Rb7+ R8d7 23. Rxd7+ Kxd7 24. Ke2 Rc3 25. Kd2 Rxc4 26. Kd3 Rb4
27. Rc1 Kd6 28. Rc4 Kd5 29. e4+ Kd6 30. f4 Rb3+ 31. Kc2 Re3 32. fxe5+ fxe5 33.
Bxe5+ Kxe5 34. Rxc5+ Kxe4 35. Kd2 Rd3+ 36. Ke2 Ra3 37. Rxa5 Ra2+ 38. Kd1 Kd3
39. Rc5 Rxa4 40. Rxc6 Ra1+ 41. Rc1 Rxc1+ 42. Kxc1 Ke2 43. Kc2 Kf2 44. Kd3 h5
45. Ke4 Kxg2 46. Kf4 Kxh2 47. Kg5 Kg3 48. Kxg6 h4 0-1

[Event "XIV Weekend A"]
[Site "Ivrea ITA"]
[Date "2010.03.20"]
[Round "3"]
[White "Bisi, Riccardo"]
[Black "Castaldo, Antonio"]
[Result "0-1"]
[WhiteElo "1476"]
[BlackElo "1698"]
[PlyCount "76"]
[EventDate "2010.03.19"]

1. e4 d6 2. d4 Nf6 3. Nc3 g6 4. Nf3 Bg7 5. Be3 O-O 6. Bc4 c6 7. O-O b5 8. Be2
Nbd7 9. a3 Bb7 10. Nd2 a5 11. b4 Qc7 12. f3 axb4 13. axb4 Nb6 14. Qb1 Nfd7 15.
Qb3 Ba6 16. Ra3 Ra7 17. Rfa1 Rfa8 18. Kf1 Nc4 19. Bxc4 bxc4 20. Qb2 Bb5 21.
Nxb5 cxb5 22. Rxa7 Rxa7 23. Rxa7 Qxa7 24. c3 Qa4 25. Ke2 e5 26. d5 f5 27. g3
Nf6 28. Bg5 h6 29. Bxf6 Bxf6 30. h3 Qa7 31. Qc1 Bg5 32. Qe1 Qe3+ 33. Kd1 Qxc3
34. h4 Bxd2 35. Qxd2 Qxf3+ 36. Kc1 Qxg3 37. Qxh6 Qf4+ 38. Qxf4 exf4 0-1

[Event "XIV Weekend A"]
[Site "Ivrea ITA"]
[Date "2010.03.20"]
[Round "3"]
[White "Bogatto, Mario"]
[Black "Tricerri, Pierino"]
[Result "1/2-1/2"]
[WhiteElo "1451"]
[BlackElo "1521"]
[PlyCount "84"]
[EventDate "2010.03.19"]

1. e4 c5 2. Nf3 Nc6 3. c3 d5 4. exd5 Qxd5 5. d3 Nf6 6. h3 g6 7. Be3 Bg7 8. Be2
O-O 9. O-O b6 10. Qd2 Re8 11. Na3 a6 12. Nc2 Rd8 13. Rfd1 Bf5 14. Qe1 Qe6 15.
g4 Bxg4 16. hxg4 Qxg4+ 17. Kh1 Qh3+ 18. Nh2 Nd5 19. Qf1 Qh4 20. Qg2 Rd6 21. Qg4
Qf6 22. Rf1 Ne5 23. Qg5 Qe6 24. Bg4 f5 25. Bf3 Bf6 26. Qg2 f4 27. c4 Nxe3 28.
fxe3 Nxf3 29. Qxf3 Rad8 30. d4 Qxc4 31. Rfc1 fxe3 32. Nxe3 Qxd4 33. Rab1 Bg5
34. Re1 Qh4 35. Rg1 Rf6 36. Qg3 Qe4+ 37. Qg2 Qh4 38. Neg4 Rf4 39. Qg3 Qh5 40.
Rbe1 Rdf8 41. Qb3+ c4 42. Qxb6 Rf3 1/2-1/2

[Event "XIV Weekend A"]
[Site "Ivrea ITA"]
[Date "2010.03.20"]
[Round "3"]
[White "Bonino, Matteo"]
[Black "Bellafiore, Enzo"]
[Result "0-1"]
[WhiteElo "1729"]
[BlackElo "1827"]
[PlyCount "76"]
[EventDate "2010.03.19"]

1. d4 d5 2. Bf4 Nf6 3. e3 c6 4. c4 e6 5. Nc3 a6 6. Nf3 Be7 7. Bd3 dxc4 8. Bxc4
b5 9. Bd3 Bb7 10. Qc2 Nbd7 11. Ng5 h6 12. Nge4 O-O 13. Ke2 Rc8 14. Rag1 c5 15.
dxc5 Bxc5 16. Qb1 Re8 17. Nxf6+ Nxf6 18. Ne4 e5 19. Nxc5 Rxc5 20. Bg3 e4 21.
Bc2 Qc8 22. Rc1 Qg4+ 23. Kf1 Rec8 24. h3 Qd7 25. Ke2 Qc6 26. Kd2 Qd5+ 27. Ke2
Qc4+ 28. Kd2 Rd8+ 29. Ke1 Qb4+ 30. Kf1 Bd5 31. a3 Qd2 32. f4 Rdc8 33. Be1 Bc4+
34. Kg1 Qe2 35. Rd1 Bd5 36. Rd2 Qxe3+ 37. Kh2 Qxf4+ 38. g3 Qc7 0-1

[Event "XIV Weekend A"]
[Site "Ivrea ITA"]
[Date "2010.03.20"]
[Round "3"]
[White "Bosticardo, Tommaso"]
[Black "Liviabella, Lucio"]
[Result "1/2-1/2"]
[WhiteElo "1503"]
[BlackElo "1716"]
[PlyCount "119"]
[EventDate "2010.03.19"]

1. d4 Nf6 2. c4 d6 3. Nc3 g6 4. e4 Bg7 5. f3 O-O 6. Be3 Nbd7 7. Bd3 e5 8. Nge2
Ne8 9. O-O exd4 10. Nxd4 Nc5 11. Bf2 Nxd3 12. Qxd3 Bd7 13. Rab1 c5 14. Ndb5 Be6
15. Rfd1 b6 16. Nxd6 Nxd6 17. Qxd6 Bxc4 18. Bg3 Bd4+ 19. Kh1 Qxd6 20. Bxd6 Rfd8
21. e5 Bxc3 22. bxc3 Bxa2 23. Rb2 Bc4 24. Rbd2 Rd7 25. Kg1 Rad8 26. Kf2 Bb3 27.
Rc1 f6 28. f4 fxe5 29. fxe5 Re8 30. Re1 Bc4 31. Re4 Be6 32. h3 Bf5 33. Re3 Rf7
34. Kg1 Rd7 35. g4 Be6 36. Rf2 Bd5 37. Rf6 Kg7 38. Re2 Rf7 39. g5 Be6 40. Ref2
Bf5 41. Ra2 Bxh3 42. Rxf7+ Kxf7 43. Rxa7+ Ke6 44. Rxh7 Bf5 45. Rb7 Ra8 46. Rxb6
Kd5 47. Rb5 Rc8 48. Kf2 Kc4 49. Ra5 Kxc3 50. Rxc5+ Rxc5 51. Bxc5 Kd3 52. Kf3
Kc4 53. Bd6 Kd3 54. Bb8 Kd4 55. Ke2 Ke4 56. Kd2 Kf4 57. e6+ Kxg5 58. e7 Bd7 59.
Ke3 Kf5 60. Kd4 1/2-1/2

[Event "XIV Weekend A"]
[Site "Ivrea ITA"]
[Date "2010.03.20"]
[Round "3"]
[White "Cappa, Enrico"]
[Black "Crepaldi, Marco"]
[Result "0-1"]
[WhiteElo "1571"]
[BlackElo "1874"]
[PlyCount "60"]
[EventDate "2010.03.19"]

1. e4 c5 2. Bc4 e6 3. Qe2 d6 4. Nf3 a6 5. a4 Qc7 6. O-O Nd7 7. Nc3 b6 8. d3 Bb7
9. Bf4 Be7 10. Bg3 Ngf6 11. Ng5 O-O 12. Bxe6 fxe6 13. Nxe6 Qc6 14. Nxf8 Rxf8
15. f3 Nh5 16. Bf2 Nf4 17. Qd2 Bg5 18. Be3 Ne5 19. b3 Qe8 20. d4 cxd4 21. Qxd4
Qg6 22. Kh1 Nxg2 23. Bxg5 Qxg5 24. Qg1 Qd2 25. Qxg2 Qxc3 26. f4 Rxf4 27. Rxf4
Qxa1+ 28. Rf1 Qd4 29. Rf4 Ng6 30. Rg4 h5 0-1

[Event "XIV Weekend A"]
[Site "Ivrea ITA"]
[Date "2010.03.20"]
[Round "3"]
[White "Caresana, Alessandro"]
[Black "Bisi, Samuele"]
[Result "0-1"]
[WhiteElo "1994"]
[BlackElo "1786"]
[PlyCount "48"]
[EventDate "2010.03.19"]

1. e4 e5 2. Bc4 Nf6 3. d4 Nxe4 4. dxe5 d5 5. Bxd5 Bf5 6. Bxf7+ Kxf7 7. Qxd8
Bb4+ 8. Qd2 Nxd2 9. Bxd2 Bxd2+ 10. Nxd2 Nc6 11. Ngf3 Rhe8 12. O-O Nxe5 13.
Nxe5+ Rxe5 14. Nc4 Re2 15. Ne3 Bxc2 16. Rac1 Be4 17. Rxc7+ Kg6 18. Rd1 Rf8 19.
Ng4 Rd8 20. Ne5+ Kf5 21. Nd7 Bc6 22. h3 Re7 23. g4+ Kg5 24. f4+ Kh4 0-1